| 000 | 00693cam a2200265 4500 | ||
|---|---|---|---|
| 001 | J3935 | ||
| 008 | 090401t1996 xxu||||| |||| 00| 0 eng d | ||
| 035 | _a(Sirsi) u57554 | ||
| 041 | _aeng | ||
| 050 | _a306.1 | ||
| 100 | _aMorrell, James | ||
| 245 | _aBusiness forecasts for the housing market to 2001. - Part 1 | ||
| 260 |
_aLondon _bJames Morrell Associates _c1996 |
||
| 300 | _a92p. ; 30cm. | ||
| 350 | _a180 | ||
| 500 | _a£180.00 for Part 1 & Part 2 | ||
| 650 | _aHOUSE PRICES | ||
| 650 | _aHOUSING MARKET | ||
| 650 | _aHOUSING STATISTICS | ||
| 650 | _aLAND PRICES | ||
| 690 | _aHOUSING | ||
| 710 |
_aJames Morrell Associates _9810 |
||
| 942 | _n0 | ||
| 948 | _c04/03/1997 | ||
| 999 |
_c93945 _d93945 |
||